000 00601cab a2200229 4500
001 WB3026-16
008 090401t1994 xxu||||| |||| 00| 0 eng d
035 _a(Sirsi) u78832
041 _aeng
245 _aNew nitrate sensitive areas
260 _c1994
350 _a0
490 _aMAFF News Release
_v(258/94) 1 July 1994 (5)
520 _aTwenty two more NSAs are to be established.
650 _aDESIGNATION
650 _aNITRATE SENSITIVE AREAS
690 _aENVIRONMENTAL AND LAND CONSULTANCY
690 _aRURAL PRACTICE
690 _aWATER
942 _n0
948 _c04/03/1997
999 _c49546
_d49546